Lower secondary Science matters volume A / (Record no. 8664)
[ view plain ]
| 000 -LEADER | |
|---|---|
| fixed length control field | 01034nam a22002297a 4500 |
| 001 - CONTROL NUMBER | |
| control field | 8664 |
| 003 - CONTROL NUMBER IDENTIFIER | |
| control field | FISKH |
| 005 - DATE AND TIME OF LATEST TRANSACTION | |
| control field | 20251009100143.0 |
| 008 - FIXED-LENGTH DATA ELEMENTS--GENERAL INFORMATION | |
| fixed length control field | 251009b cb ||||| |||| 00| 0 eng d |
| 020 ## - INTERNATIONAL STANDARD BOOK NUMBER | |
| International Standard Book Number | 9789810187347 |
| 040 ## - CATALOGING SOURCE | |
| Original cataloging agency | FISKH |
| Language of cataloging | eng |
| Transcribing agency | FISKH |
| Modifying agency | FISKH |
| 082 ## - DEWEY DECIMAL CLASSIFICATION NUMBER | |
| Classification number | 507.12 |
| 100 ## - MAIN ENTRY--PERSONAL NAME | |
| Personal name | Fong, Joan |
| 245 ## - TITLE STATEMENT | |
| Title | Lower secondary Science matters volume A / |
| Statement of responsibility, etc. | Joan Fong, Lam Peng Kwan, Eric Lam, Christine Lee, Loo Poh Lim |
| 250 ## - EDITION STATEMENT | |
| Edition statement | This edition published in 2012. |
| 260 ## - PUBLICATION, DISTRIBUTION, ETC. | |
| Place of publication, distribution, etc. | SDH BHD, |
| Name of publisher, distributor, etc. | Marshall Cavendish, |
| Date of publication, distribution, etc. | 2008. |
| 300 ## - PHYSICAL DESCRIPTION | |
| Extent | 248 pages : |
| Other physical details | color illustrations ; |
| Dimensions | 28 cm |
| 520 ## - SUMMARY, ETC. | |
| Summary, etc. | Lower Secondary Science Matters Volume A introduces key scientific concepts through engaging explanations, hands-on investigations, and real-world applications. Designed for lower secondary students, it helps develop inquiry skills, critical thinking, and a strong foundation in biology, chemistry, and physics. |
| 650 ## - SUBJECT ADDED ENTRY--TOPICAL TERM | |
| Topical term or geographic name entry element | Science |
| Form subdivision | Study and teaching |
| General subdivision | Experiments |
| Chronological subdivision | Science Education |
| 942 ## - ADDED ENTRY ELEMENTS (KOHA) | |
| Source of classification or shelving scheme | Dewey Decimal Classification |
| Koha item type | Books |
| Suppress in OPAC | No |
| Withdrawn status | Lost status | Source of classification or shelving scheme | Damaged status | Not for loan | Collection | Home library | Current library | Shelving location | Date acquired | Total Checkouts | Full call number | Barcode | Date last seen | Copy number | Price effective from | Koha item type |
|---|---|---|---|---|---|---|---|---|---|---|---|---|---|---|---|---|
| Dewey Decimal Classification | Reference | Footprints International School Library Network Toul Kork Campus | Footprints International School Library Network Toul Kork Campus | Librarian's Shelf TK | 10/09/2025 | FON 507.12 PZ7 | 2025-4503 | 10/09/2025 | 1 | 10/09/2025 | Books | |||||
| Dewey Decimal Classification | Reference | Footprints International School Library Network Toul Kork Campus | Footprints International School Library Network Toul Kork Campus | Librarian's Shelf TK | 10/09/2025 | FON 507.12 PZ7 | 2025-4504 | 10/09/2025 | 2 | 10/09/2025 | Books | |||||
| Dewey Decimal Classification | Reference | Footprints International School Library Network Toul Kork Campus | Footprints International School Library Network Toul Kork Campus | Librarian's Shelf TK | 10/09/2025 | FON 507.12 PZ7 | 2025-4505 | 10/09/2025 | 3 | 10/09/2025 | Books |
